Ley Estatal del Servicio Civil de Veracruz

Detalles Bibliográficos
Autor principal: Vz̀quez Azuara, Carlos Antonio
Otros Autores: Garca̕ Mňdez, Carlos, Beltrǹ Hernǹdez, Adriǹ
Formato: eBook
Lenguaje:español
Publicado: Veracruz: Universidad de Xalapa, 2017
Materias:
Acceso en línea:Acceso restringido

MARC

LEADER 00000nam a22000007a 4500
005 2018033002412.0
007 cr|||| ||||
008 180330s2017 mx |||||s|||| 00||0 spa d
020 |a 978-607-8156-47-4 
035 |a 21206 
040 |a vLex 
090 |c 7590  |d 7590 
100 1 |a Vz̀quez Azuara, Carlos Antonio 
245 1 0 |a Ley Estatal del Servicio Civil de Veracruz  |h [Recurso electrn̤ico] /  |c Carlos Antonio Vz̀quez Azuara, Carlos Garca̕ Mňdez, Adriǹ Beltrǹ Hernǹdez 
256 |a Servicio en ln̕ea 
260 |a Veracruz:  |b Universidad de Xalapa,  |c 2017 
300 |a 1 recurso electrn̤ico 
506 1 |a Disponible solo en los productos indicados  |d vLex Global  |d vLex Global (Academic Edition, excluding Law Schools)  |d vLex Global (U.S. Academic Edition, Law Schools)  |d vLex Global (U.S. Academic Edition, excluding Law Schools)  |d vLex Global (Academic Edition, Law Schools) 
650 0 4 |a Derecho Pb︢lico y Administrativo  |z Mx̌ico 
700 1 |a Garca̕ Mňdez, Carlos 
700 1 |a Beltrǹ Hernǹdez, Adriǹ 
740 0 |a vLex Libros (Servicio en ln̕ea) 
856 4 0 |u http://vlex.com/source/ley-estatal-servicio-civil-veracruz-21206  |z Acceso restringido 
942 |c BOOK 
999 0 |a Public and Administrative Law